[Event "EU-ch Online U16 Girls"]
[Site "Tornelo INT"]
[Date "2020.09.18"]
[Round "3"]
[White "Kipluka, Anna Krista"]
[Black "Babayeva, Nasrin"]
[Result "0-1"]
[WhiteElo "1292"]
[BlackElo "1538"]
[PlyCount "67"]
[EventDate "2020.09.18"]
[EventType "swiss (rapid)"]
[EventRounds "9"]
[EventCountry "NET"]
[SourceTitle "EXT 2023"]
[Source "ChessBase"]
[SourceDate "2022.10.05"]
[SourceVersion "1"]
[SourceVersionDate "2022.10.05"]
[SourceQuality "1"]
[WhiteTeam "Latvia"]
[BlackTeam "Azerbaijan"]
[WhiteTeamCountry "LAT"]
[BlackTeamCountry "AZE"]

1. e4 Nc6 2. Nf3 d6 3. d4 Bg4 4. Be2 Nf6 5. Nc3 e6 6. Bg5 Be7 7. h3 Bh5 8. 0-0 Bg6 9. Bd3 0-0 10. Re1 h6 11. Bh4 a6 12. a3 Bh5 13. Be2 Bxf3 14. Bxf3 e5 15. Bxf6 Bxf6 16. dxe5 Nxe5 17. Rb1 Nc4 18. Qd3 b5 19. a4 Qd7 20. b3 Ne5 21. Qe3 c6 22. Rbd1 b4 23. Nb1 Bg5 24. Qe2 a5 25. Nd2 Qe6 26. Nf1 Rae8 27. Nd2 Bxd2 28. Rxd2 Qg6 29. Qd1 Qg5 30. Rxd6 f5 31. exf5 Nxf3+ 32. Qxf3 Rxe1+ 33. Kh2 Rxf5 34. Rd8+ 0-1

[Event "Klaipeda Sea op-B 17th"]
[Site "Klaipeda"]
[Date "2020.07.22"]
[Round "4"]
[White "Kipluka, Anna Krista"]
[Black "Jonaitis, Klaudijus"]
[Result "1-0"]
[WhiteElo "1383"]
[BlackElo "1065"]
[PlyCount "161"]
[EventDate "2020.07.21"]
[EventType "swiss"]
[EventRounds "7"]
[EventCountry "LTU"]
[SourceTitle "CBM 197 Extra"]
[Source "ChessBase"]
[SourceDate "2020.09.30"]
[SourceVersion "1"]
[SourceVersionDate "2020.09.30"]
[SourceQuality "1"]

1. e4 e5 2. Nf3 Nc6 3. Bc4 h6 4. d3 d6 5. c3 Nf6 6. a4 a5 7. 0-0 Be7 8. Re1 0-0 9. Nbd2 Bg4 10. h3 Be6 11. Qb3 Bxc4 12. Nxc4 b6 13. Ne3 Nh7 14. Nf5 Bf6 15. d4 exd4 16. cxd4 Ne7 17. Nxe7+ Bxe7 18. Bf4 Ng5 19. Nxg5 Bxg5 20. Bxg5 Qxg5 21. Rac1 Rac8 22. Rc6 Rfd8 23. Re3 d5 24. e5 Qf4 25. Qd3 Re8 26. Rg3 Re6 27. Rxe6 fxe6 28. Qg6 Qf7 29. Qxh6 c5 30. dxc5 Rxc5 31. Qg5 Rc8 32. Rf3 Qd7 33. b3 d4 34. Qf4 d3 35. Qd2 Qd5 36. Rxd3 Qxe5 37. Qe3 Qf6 38. Rd6 Qa1+ 39. Kh2 e5 40. Re6 Rf8 41. Rxe5 Qb2 42. Kg3 Qa3 43. Kh2 Qd6 44. f4 Qb4 45. Re4 Qd6 46. Qd4 Qg6 47. Qd5+ Kh7 48. Re6 Qf7 49. Qe4+ Kg8 50. Rxb6 Qc7 51. Qc4+ Qf7 52. Qxf7+ Kxf7 53. Rd6 Rb8 54. Rd3 Rb4 55. Kg3 Kf6 56. Kf3 Kf5 57. g3 g6 58. Rd5+ Kf6 59. Rxa5 Rxb3+ 60. Kg4 Rb4 61. Ra6+ Kg7 62. a5 Ra4 63. Kg5 Ra3 64. Ra7+ Kf8 65. g4 Rxh3 66. Kxg6 Rf3 67. f5 Ra3 68. g5 Ra4 69. Kf6 Ke8 70. g6 Rg4 71. g7 Kd8 72. Ra8+ Kc7 73. g8Q Rxg8 74. Rxg8 Kb7 75. Ke6 Ka6 76. f6 Kxa5 77. f7 Kb5 78. f8Q Kc4 79. Qf4+ Kd3 80. Rg3+ Ke2 81. Qe3+ 1-0

[Event "Panevezys op-A"]
[Site "Panevezys"]
[Date "2019.06.30"]
[Round "9"]
[White "Tolmacevs, Artjoms"]
[Black "Kipluka, Anna Krista"]
[Result "0-1"]
[WhiteElo "1600"]
[BlackElo "1353"]
[PlyCount "37"]
[EventDate "2019.06.24"]
[EventType "swiss"]
[EventRounds "9"]
[EventCountry "LTU"]
[SourceTitle "CBM 191 Extra"]
[Source "ChessBase"]
[SourceDate "2019.09.30"]
[SourceVersion "1"]
[SourceVersionDate "2019.09.30"]
[SourceQuality "1"]

1. e4 c6 2. d4 d5 3. e5 Bf5 4. Nf3 e6 5. Be2 Nd7 6. 0-0 Bg6 7. Be3 Ne7 8. c4 Nf5 9. Bf4 Be7 10. Nbd2 0-0 11. Rc1 h6 12. Nb3 dxc4 13. Bxc4 Nb6 14. Be2 Nd5 15. Bd2 Qc7 16. a3 Rfd8 17. Bc3 Rac8 18. Qd2 Qb8 19. Rfd1 0-1

[Event "LAT-ch (Women)"]
[Site "Riga"]
[Date "2019.05.02"]
[Round "4"]
[White "Kipluka, Anna Krista"]
[Black "Kuznecova, Marija"]
[Result "1-0"]
[WhiteElo "1355"]
[BlackElo "1331"]
[PlyCount "47"]
[EventDate "2019.04.29"]
[EventType "swiss"]
[EventRounds "7"]
[EventCountry "LAT"]
[SourceTitle "CBM 190 Extra"]
[Source "ChessBase"]
[SourceDate "2019.07.15"]
[SourceVersion "1"]
[SourceVersionDate "2019.07.15"]
[SourceQuality "1"]

1. e4 d6 2. f4 Nd7 3. Nc3 Ngf6 4. d4 e5 5. Nf3 exd4 6. Qxd4 c5 7. Qf2 g6 8. Bd3 Bg7 9. 0-0 Nb6 10. e5 Ng4 11. Qe1 dxe5 12. Nxe5 Qd4+ 13. Kh1 Nxe5 14. fxe5 Qxe5 15. Bb5+ Bd7 16. Qd1 0-0-0 17. Bxd7+ Rxd7 18. Qf3 f5 19. Bf4 Qe7 20. Rfe1 Qf7 21. Nb5 Qd5 22. Nxa7+ Kd8 23. Bg5+ Kc7 24. Qf4+ 1-0

[Event "LAT-ch (Women)"]
[Site "Riga"]
[Date "2018.05.04"]
[Round "5"]
[White "Golsta, Ramona"]
[Black "Kipluka, Anna Krista"]
[Result "1-0"]
[WhiteElo "1696"]
[BlackElo "1334"]
[PlyCount "39"]
[EventDate "2018.04.30"]
[EventType "swiss"]
[EventRounds "7"]
[EventCountry "LAT"]
[SourceTitle "CBM 184 Extra"]
[Source "ChessBase"]
[SourceDate "2018.06.28"]
[SourceVersion "1"]
[SourceVersionDate "2018.06.28"]
[SourceQuality "1"]

1. d4 d5 2. Nf3 e6 3. Bf4 Nf6 4. e3 Be7 5. Bd3 0-0 6. 0-0 Nbd7 7. h3 b6 8. Nbd2 Bb7 9. Re1 c5 10. c3 Rc8 11. a4 h6 12. Qe2 Nb8 13. Ne5 Nc6 14. Ndf3 Nd7 15. Rad1 Ndxe5 16. Nxe5 Nxe5 17. dxe5 Qc7 18. Qh5 Bg5 19. Bxg5 Qxe5 20. f4 1-0

[Event "Wch U12 Girls"]
[Site "Pocos de Caldas"]
[Date "2017.08.25"]
[Round "5"]
[White "Kipluka, Anna Krista"]
[Black "Sandoval Rivera, Alejandra"]
[Result "1-0"]
[WhiteElo "1204"]
[BlackElo "1294"]
[PlyCount "95"]
[EventDate "2017.08.22"]
[EventType "swiss"]
[EventRounds "11"]
[EventCountry "BRA"]
[SourceTitle "CBM 180 Extra"]
[Source "ChessBase"]
[SourceDate "2017.10.06"]
[SourceVersion "1"]
[SourceVersionDate "2017.10.06"]
[SourceQuality "1"]

1. e4 e5 2. Nf3 Nc6 3. Bc4 Bc5 4. d3 Nf6 5. c3 h6 6. Nbd2 d6 7. a4 a6 8. 0-0 Bg4 9. h3 Bh5 10. Re1 Ba7 11. Nf1 Bg6 12. Ng3 0-0 13. Nh2 Re8 14. Qf3 Qd7 15. Nhf1 b5 16. axb5 axb5 17. Ba2 b4 18. Be3 bxc3 19. bxc3 Bxe3 20. Nxe3 Reb8 21. Ngf5 Ne7 22. Nxh6+ Kf8 23. Nhf5 c5 24. Nxe7 Qxe7 25. Nf5 Qd7 26. g4 Bh7 27. h4 Ne8 28. Bd5 Rxa1 29. Rxa1 Bxf5 30. Qxf5 Qxf5 31. gxf5 Nf6 32. Bc4 g6 33. fxg6 fxg6 34. Ra7 Ng8 35. Rf7+ Ke8 36. Rg7 Rb1+ 37. Kg2 Ne7 38. Rf7 Rc1 39. Rf6 Rxc3 40. Rxd6 Nc8 41. Rxg6 Ne7 42. Rg5 Kd8 43. h5 Ke8 44. h6 Nf5 45. Rxf5 Rxc4 46. dxc4 Kd7 47. h7 Kc7 48. h8Q 1-0

[Event "Panevezys op-B"]
[Site "Panevezys"]
[Date "2017.07.07"]
[Round "7"]
[White "Vaiciunas, Giedrius"]
[Black "Kipluka, Anna Krista"]
[Result "1/2-1/2"]
[WhiteElo "1148"]
[BlackElo "1156"]
[PlyCount "93"]
[EventDate "2017.07.03"]
[EventType "swiss"]
[EventRounds "9"]
[EventCountry "LTU"]
[SourceTitle "EXT 2018"]
[Source "ChessBase"]
[SourceDate "2017.10.13"]
[SourceVersion "1"]
[SourceVersionDate "2017.10.13"]
[SourceQuality "1"]

1. d4 d5 2. g3 e6 3. Bg2 Be7 4. Nf3 Nf6 5. Bf4 b6 6. 0-0 0-0 7. Nbd2 Bb7 8. c4 Nbd7 9. Rc1 Rc8 10. e3 h6 11. Be5 c5 12. Bxf6 Bxf6 13. cxd5 Bxd5 14. dxc5 Nxc5 15. b3 Re8 16. b4 Nd3 17. Rxc8 Qxc8 18. a3 Rd8 19. Qb1 Bxf3 20. Nxf3 Ne5 21. Qc1 Kh7 22. Nxe5 Qxc1 23. Be4+ g6 24. Rxc1 Bxe5 25. a4 Kg7 26. Kg2 Rd7 27. a5 Rc7 28. Rxc7 Bxc7 29. axb6 axb6 30. f4 Bd6 31. b5 Bc5 32. Kf3 f5 33. Bc6 Kf6 34. e4 fxe4+ 35. Bxe4 Bd4 36. h4 Bc5 37. g4 Bd4 38. g5+ hxg5 39. hxg5+ Kf7 40. Bc6 Bc5 41. Be4 Be7 42. Bc6 Bc5 43. Ke4 Ke7 44. Ke5 Bd6+ 45. Ke4 Bc5 46. Ke5 Bd6+ 47. Ke4 1/2-1/2

[Event "Panevezys op-B"]
[Site "Panevezys"]
[Date "2017.07.05"]
[Round "4"]
[White "Kipluka, Anna Krista"]
[Black "Voropajevas, Nikolajus"]
[Result "0-1"]
[WhiteElo "1156"]
[BlackElo "1576"]
[PlyCount "132"]
[EventDate "2017.07.03"]
[EventType "swiss"]
[EventRounds "9"]
[EventCountry "LTU"]
[SourceTitle "EXT 2018"]
[Source "ChessBase"]
[SourceDate "2017.10.13"]
[SourceVersion "1"]
[SourceVersionDate "2017.10.13"]
[SourceQuality "1"]

1. e4 c5 2. Nc3 Nc6 3. g3 e6 4. Bg2 Be7 5. d3 Nf6 6. h3 h6 7. Be3 d5 8. exd5 exd5 9. Bd2 Be6 10. Nge2 0-0 11. Nf4 a6 12. 0-0 Qd7 13. Nxe6 fxe6 14. Ne2 Bd6 15. Nf4 Qf7 16. c3 e5 17. Ne2 Rae8 18. Be3 d4 19. cxd4 cxd4 20. Bc1 Qc7 21. b3 Ne7 22. Bb2 Rc8 23. Rc1 Qd7 24. Qd2 Nfd5 25. Bxd5+ Nxd5 26. Qa5 Ne7 27. Kg2 Rxc1 28. Rxc1 Qf5 29. Rf1 Qf3+ 30. Kg1 Qxe2 31. Qb6 Nc8 32. Qxb7 Qxb2 33. Qxa6 Qc3 34. Qb7 Rf7 35. Qd5 Qc5 36. Qe4 Ne7 37. Qa8+ Rf8 38. Qe4 Qd5 39. Qg4 Nf5 40. a4 Qxb3 41. Qe4 Qxa4 42. Qd5+ Kh8 43. g4 Qd7 44. gxf5 Rxf5 45. Qa8+ Rf8 46. Qd5 Qe7 47. Qe4 Rf4 48. Qa8+ Kh7 49. Qd5 Qf6 50. Kg2 Rf5 51. Qe4 Qg6+ 52. Kh2 Rf4 53. Qxg6+ Kxg6 54. Kg3 Kf5 55. Rd1 Be7 56. f3 Bh4+ 57. Kg2 Kg6 58. Rd2 Rf5 59. Rb2 Rg5+ 60. Kh2 Bg3+ 61. Kg2 Bf4+ 62. Kf2 Be3+ 63. Kf1 Rg1+ 64. Ke2 Rg2+ 65. Kf1 Rxb2 66. Ke1 Rd2 0-1

[Event "Panevezys op-B"]
[Site "Panevezys"]
[Date "2017.07.04"]
[Round "3"]
[White "Staskeviciute, Darija"]
[Black "Kipluka, Anna Krista"]
[Result "0-1"]
[WhiteElo "1392"]
[BlackElo "1156"]
[PlyCount "48"]
[EventDate "2017.07.03"]
[EventType "swiss"]
[EventRounds "9"]
[EventCountry "LTU"]
[SourceTitle "EXT 2018"]
[Source "ChessBase"]
[SourceDate "2017.10.13"]
[SourceVersion "1"]
[SourceVersionDate "2017.10.13"]
[SourceQuality "1"]

1. d4 d5 2. Nf3 e6 3. g3 Nf6 4. Bg2 c5 5. Bf4 Be7 6. 0-0 0-0 7. Nbd2 Nc6 8. dxc5 Bxc5 9. c4 Qd7 10. Qc2 h6 11. cxd5 Qxd5 12. Ne1 Qh5 13. Bf3 Qf5 14. e4 Bxf2+ 15. Rxf2 Qb5 16. Rc1 Qb6 17. Nc4 Qa6 18. a3 Nd4 19. Qd1 Rd8 20. Kh1 b5 21. Rd2 bxc4 22. Rxd4 Rxd4 23. Qxd4 c3 24. Qxc3 Qf1# 0-1